| 000 | 00407nam a2200157 a 4500 | ||
|---|---|---|---|
| 005 | 20140310183201.0 | ||
| 008 | 021217s19uu xx 00 eng d | ||
| 050 |
_aPZ 7 _b.G476 1974 |
||
| 100 | _aGillen, Lucy | ||
| 245 |
_aWeb of silver / _cLucy Gillen. |
||
| 260 |
_aCanada : _bMills and Boon Limited, _c1974. |
||
| 300 |
_a188 p. : _c18 cm. |
||
| 650 | _aFiction. | ||
| 942 |
_cBK _2lcc |
||
| 999 |
_c19868 _d19868 |
||